| 000 | 00925cam a2200289 i 4500 | ||
|---|---|---|---|
| 001 | 22286 | ||
| 003 | Mx-PuUPA | ||
| 005 | 20250714084848.0 | ||
| 008 | 140415s1987 enka gr 001 0 eng d | ||
| 020 | _a0194376559 | ||
| 040 |
_aMx-PuUPA _bspa _cMx-PuUPA _dMx-PuUPA _erda |
||
| 041 | 0 | _aeng | |
| 100 | 1 |
_aMullen, Norma D., _eautor |
|
| 245 | 1 | 0 |
_aEnglish for computer science / _cNorma D. Mullen, P. Charles Brown |
| 250 |
_aNew edition / _brevised and updated |
||
| 264 | 1 |
_aOxford : _bOxford University Press, _c1987 |
|
| 300 |
_a241 páginas : _bilustraciones ; _c25 cm |
||
| 336 |
_2rdacontent _atexto _btxt |
||
| 337 |
_2rdamedia _asin medio _bn |
||
| 338 |
_2rdacarrier _avolumen _bnc |
||
| 490 | 0 | _aOxford english | |
| 650 | 7 |
_aComputación _xTerminología _xInglés _2armarc |
|
| 700 | 1 |
_aBrown, P. Charles, _eautor |
|
| 942 |
_2ddc _cLI _h004 _iM54 |
||
| 999 |
_c22286 _d22286 |
||